| 000 | 00467nam a2200169 a 4500 | ||
|---|---|---|---|
| 005 | 20240920064212.0 | ||
| 008 | 991125s1955 ea 000 0 eng u | ||
| 035 | _aUPN01000002465 | ||
| 049 | _aCG | ||
| 050 | 4 |
_aLA212 _bD7.2 |
|
| 100 | 1 | _aDrake, William Earle | |
| 245 | 1 | 4 |
_aThe american school in transition / _cby William E. Drake. |
| 260 |
_aNew York : _bPrentice-Hall, _c1955. |
||
| 300 | _a624 p. | ||
| 650 | 4 |
_aEducación _zEstados Unidos _9803 |
|
| 905 | _aLibro | ||
| 999 |
_c2465 _d2465 |
||